000 01486cam a2200157 4500500
005 20260329023202.0
041 _afre
042 _adc
100 1 0 _aClément, Céline
_eauthor
700 1 0 _aClément, Céline
_eauthor
700 1 0 _aBrugeilles, Carole
_eauthor
245 0 0 _aIntroduction à la démographie
260 _bArmand Colin,
_c2020.
520 _aDéfinie comme l’étude statistique de la population humaine, la démographie cherche à comprendre les événements (naître, avoir des enfants, migrer, mourir) qui façonnent les populations et les mécanismes qui agissent sur leur composition et leur dynamique. Au gré des transformations des sociétés, elle s’est s’adaptée, a pénétré de nouveaux champs et affiné ses théories.L’objectif de ce manuel est de présenter ces évolutions, aussi bien des populations que de la discipline. Il permet de familiariser le lecteur à la « boîte à outils » des démographes, d’aborder les notions et les méthodes de base. Il explique et resitue les théories ainsi que les enjeux, passés et à venir. L’ouvrage met également en lumière comment la démographie a diversifié ses thématiques, ses problématiques, ses méthodes, ses sources et ses approches, notamment avec l’introduction du genre ou encore sa relecture des âges de la vie et de l’analyse de la famille.
856 4 1 _uhttps://shs.cairn.info/introduction-a-la-demographie--9782200624064?lang=fr&redirect-ssocas=7080
999 _c1925334
_d1925334